Statystyki dla Połączone państwa na mapie świata #2

Kliknij tutaj aby rozwiązać quiz!

Ogólne statystyki

  • Ten quiz został rozwiązany 7 783 razy
  • Średni wynik to 14 z 20

Odpowiedzi na mapie

Odpowiedzi skodowane kolorowo w zielono-czerwonej skali na mapie do tego quizu, zgodnie z poniższymi procentami.
 

Statystyki odpowiedzi

Państwa% Poprawnych
Chiny
82%
Hiszpania
81%
Portugalia
79%
Austria
78%
Węgry
76%
Kolumbia
75%
Korea Północna
74%
Wenezuela
73%
Grecja
71%
Indonezja
71%
Tajlandia
69%
Albania
68%
Mjanma
67%
Papua-Nowa Gwinea
66%
Irak
65%
Arabia Saudyjska
63%
Namibia
57%
Botswana
55%
Etiopia
49%
Erytrea
46%

Rozkład punktacji

Percentyl według liczby udzielonych odpowiedzi

Procent ludzi z każdym wynikiem

Twoja historia wyników

Nie rozwiązałeś tego quizu